000 00672nam a2200229 a 4500
008
020 _a0443072795 (pbk.)
049 _aMAIN
090 _aQR181
_bEDG
100 1 _aEdgar David J.M.
245 1 0 _aImmunology :
_ba core text with self-assessment/
_cJ .David .M, Edgar.
260 _aEdinburgh :
_bElsevier/Churchil Livingstone,
_c2006.
300 _avii, 202 p. :
_bill. ;
_c26 cm.
440 _aMaster medicine series.
500 _aIncludes index.
650 1 _aImmunology.
907 _a.b10251418
_b18-06-12
_c19-09-07
003
005 20230120203953.0
040 _cNUST
942 _cBOOKS
_kQR181
_mEDG
999 _c114821
_d114821